| 000 | nam a22 a 4500 | ||
|---|---|---|---|
| 999 |
_c408502 _d408502 |
||
| 003 | BLK | ||
| 005 | 20210415095805.0 | ||
| 008 | 210415b bu |||||r|||| 00| 0 bu d | ||
| 040 | _aBLK | ||
| 041 |
_aBUL _cBUL |
||
| 080 |
_aХронология. Календар. Определяне на времето - Денонощие, средно и истинско слънчево)време, различни видове години, месеци, седмици, вечен календар, християнски календари, астрономическо време _b529 _z529 |
||
| 100 |
_91299 _aТондини дей Куаренги, Чезарио _eпърви автор |
||
| 139 | _aТондини дей Куаренги, Чезарио | ||
| 245 |
_aБългарский народ и календарния въпрос _bРеч, държана в залата на Пловдивската учит. дружба на 19 февр. (3 март) 1897 _cЦезар Тондини де Кваренги |
||
| 260 |
_9437500 _aПловдив _bдруж. печ. Съгласие _c1897 |
||
| 300 |
_a26с. _c20см |
||
| 380 | _a5 | ||
| 490 |
_9435080 _aКолекция Редки и ценни издания |
||
| 500 | _aПрит. на сп. Илюстрация Светлина, 1897 | ||
| 650 | 0 |
_9295999 _aКалендар - история |
|
| 653 | 7 |
_9188138 _aкалендари |
|
| 653 | 7 |
_9195537 _aречи |
|
| 852 |
_aРб 897 _bРц |
||
| 942 |
_cKNG _n0 _s1 |
||
| 944 |
_aCR _c2021-04-15 _kМикаела Микова - Илиева _l2021-04-15 |
||